000 00423nam a22001337a 4500
082 _aCP-06
100 _aZarmina, Akbar Lec.
_950836
245 _aTechnical Business Writing HU-212
_bcourse pack OD-78/CED-79
_cZarmina Akbar
250 _aSpring Sem.2015
260 _aRisalpur
_bMCE
_c2015
526 _a0
_b0
_c0
_dCP_000000000000000_06
650 _aTechnical Business Writing HU-212 course pack.
_950837
942 _2ddc
_cBKB
999 _c553574
_d553574